000 00315nam a22000977a 4500
999 _c509381
_d509381
082 _aR6065x5452 1956
100 _aMadras. Labour Department
_95110
245 _aList of factories coming under the operation of the factories Act 1948 for the year 1956
260 _aMadras
_bGovernment of Madras
_c2018
300 _a196p.